| 000 | 00394nam a22001457a 4500 | ||
|---|---|---|---|
| 020 | _a1842320483 | ||
| 082 | _a823.91 CEC | ||
| 100 | _aCecil, Henry | ||
| 245 |
_aAccording to the evidence / _cHenry Cecil |
||
| 260 |
_aUnited Kingdom : _bHouse of Stratus, _c2000. |
||
| 300 |
_a205 p. ; _c20 cm. |
||
| 942 |
_2ddc _cBK |
||
| 999 |
_c587073 _d587073 |
||